| 000 | 01008nam a22002895a 4500 | ||
|---|---|---|---|
| 005 | 20160111122734.0 | ||
| 008 | 150702r20112006njua frb 001 0 eng d | ||
| 020 | _a9788126528547 | ||
| 040 |
_aEG-ScBUE _beng _cEG-ScBUE |
||
| 082 | 0 | 4 |
_222 _a615.321 _bMED |
| 245 | 0 | 0 |
_aMedicinal chemistry of bioactive natural products / _cedited by Xiaotian Liang, Wei-Shuo Fang. |
| 260 |
_aHoboken : _bWiley India Pvt., _c2011. |
||
| 300 |
_axix, 460 p. : _bill. ; _c24 cm. |
||
| 490 | 0 | _aXiao-Tian Liang Wei-Shuo Fang | |
| 500 | _aIndex : p. 443-460. | ||
| 500 | _aReprinted of the 2006 ed. | ||
| 504 | _aIncludes Bibliographical references. | ||
| 650 | 7 |
_2BUEsh _939011 _aMateria medica, Vegetable. |
|
| 650 | 7 |
_939012 _aNatural products. _2BUEsh |
|
| 650 | 7 |
_930027 _aPharmaceutical chemistry. _2BUEsh |
|
| 650 | 7 |
_aBioactive compounds. _939013 _2BUEsh |
|
| 651 | _2BUEsh | ||
| 653 |
_bENGGEN _cJune2015 _cJanuary2016 |
||
| 700 | 1 |
_aLiang, Xiaotian, _eeditor. |
|
| 700 | 1 |
_aFang, Wei-Shuo, _eeditor. |
|
| 942 | _2ddc | ||
| 999 |
_c20105 _d20077 |
||